000 00451nam a2200181Ia 4500
005 20250603145055.0
008 250603s9999 xx 000 0 und d
020 _a9780367677312
050 _aRA 645.9 .H43/
100 _aEdited by Thorpe Jr, Roland J.
245 0 _aHealth Disparities, Disasters, and Crises
260 _aNew York
260 _bRoutledge
260 _c2024
300 _axx, 191.: ill.
650 _aNew York
942 _cBK
999 _c40790
_d40790